UBT Library

Simplified practical filter design / (Record no. 44574)

000 -LEADER
fixed length control field 00674pam a2200229 a 4500
001 - CONTROL NUMBER
control field 1998183
005 - DATE AND TIME OF LATEST TRANSACTION
control field 20180309072232.0
008 - FIXED-LENGTH DATA ELEMENTS--GENERAL INFORMATION
fixed length control field 900326s1990 paua 001 0 eng
010 ## - LIBRARY OF CONGRESS CONTROL NUMBER
LC control number 90035299
020 ## - INTERNATIONAL STANDARD BOOK NUMBER
International Standard Book Number 0830683550 :
Terms of availability $26.95
020 ## - INTERNATIONAL STANDARD BOOK NUMBER
International Standard Book Number 0830633553 (pbk.) :
Terms of availability $16.60
040 ## - CATALOGING SOURCE
Original cataloging agency DLC
Transcribing agency DLC
Modifying agency DLC
041 ## - LANGUAGE CODE
Language code of text/sound track or separate title eng
080 ## - UNIVERSAL DECIMAL CLASSIFICATION NUMBER
Universal Decimal Classification number 621.3815324 GOT
082 00 - DEWEY DECIMAL CLASSIFICATION NUMBER
Classification number 621.3815324 GOT
Edition number 20
100 1# - Rafti
Rafti 27
101 ## - Shkurtesa
Shkurtesa MEK
245 10 - TITLE STATEMENT
Title Simplified practical filter design /
Statement of responsibility, etc Irving M. Gottlieb.
906 ## - LOCAL DATA ELEMENT F, LDF (RLIN)
a 7
b cbc
c orignew
d 1
e ocip
f 19
g y-gencatlg
942 ## - ADDED ENTRY ELEMENTS (KOHA)
Source of classification or shelving scheme
Item type Books
Holdings
Withdrawn status Lost status Source of classification or shelving scheme Damaged status Not for loan Collection code Permanent location Current location Shelving location Date acquired Total Checkouts Full call number Barcode Date last seen Price effective from Koha item type
          Koleksioni i përgjithshem UBT - Lipjan UBT - Lipjan Koleksioni i përgjithshem 03/09/2018   621.3815324 GOT 002-3000886 03/09/2018 03/09/2018 Books
UBT Library © 2015-2024. All rights reserved University Education for Business and Technology